Statistics for Rocket league ranks (2021)

Click here to take the quiz!

General Stats

  • This quiz has been taken 86 times
  • The average score is 21 of 23

Answer Stats

HintAnswer% Correct
2bronze 1
96%
3bronze 2
96%
4bronze 3
96%
14diamond 1
96%
15diamond 2
96%
16diamond 3
96%
8gold 1
96%
9gold 2
96%
10gold 3
96%
5silver 1
96%
6silver 2
96%
7silver 3
96%
20grand champion 1
93%
21grand champion 2
93%
22grand champion 3
93%
17champion 1
89%
18champion 2
89%
19champion 3
89%
11platinum 1
89%
12platinum 2
89%
13platinum 3
89%
23supersonic legend
89%
1unranked
85%

Score Distribution

Percentile by Number Answered

Percent of People with Each Score

Your Score History

You have not taken this quiz